| 000 | 00745nam a2200241 a 4500 | ||
|---|---|---|---|
| 008 | |||
| 020 | _a1555875254 (hardcover) | ||
| 049 | _aMAIN | ||
| 090 |
_aHC800 _bALY |
||
| 100 | 1 | _aAly, Ahmad A.H.M. | |
| 245 | 1 | 0 |
_aEconomic cooperation in Africa : _bin search of direction / _cAhmad A. H. M. Aly. |
| 260 |
_aBoulder : _bLynne Rienner Publishers, _c1994. |
||
| 300 |
_axiii, 145 p. ; _c24 cm. |
||
| 504 | _aIncludes bibliographical references. | ||
| 500 | _aIncludes index. | ||
| 651 | 0 |
_aAfrica _xEconomic integration. |
|
| 651 | 0 |
_aAfrica _xEconomic policy. |
|
| 907 |
_a.b10080466 _b12-02-13 _c05-07-03 |
||
| 003 | |||
| 005 | 20230123133320.0 | ||
| 040 | _cNUST | ||
| 942 |
_cBOOKS _kHC800 _mALY |
||
| 999 |
_c146463 _d146463 |
||